Organizational Behaviour: A Manageria (Record no. 4268)
[ view plain ]
| 000 -LEADER | |
|---|---|
| fixed length control field | 00345nam a22001337a 4500 |
| 008 - FIXED-LENGTH DATA ELEMENTS--GENERAL INFORMATION | |
| fixed length control field | 250711b |||||||| |||| 00| 0 eng d |
| 020 ## - INTERNATIONAL STANDARD BOOK NUMBER | |
| ISBN | NIL |
| 100 ## - MAIN ENTRY--AUTHOR | |
| Author | GANNON, J. Martin |
| 245 ## - TITLE STATEMENT | |
| Title | Organizational Behaviour: A Manageria |
| 260 ## - PUBLICATION, DISTRIBUTION, ETC. (IMPRINT) | |
| Place of publication | U.S.A |
| Name of publisher | Simultaneously in Canada |
| Date of publication | 1979 |
| 300 ## - COLLATION | |
| Pagination | xxii, 848p. |
| 942 ## - ADDED ENTRY ELEMENTS (KOHA) | |
| Item type | Books |
| 050 ## - LIBRARY OF CONGRESS CALL NUMBER | |
| Classification number | HD58.7 |
| Item number | .G35 |
| Source of classification or shelving scheme | Not for loan | Permanent location | Current location | Date acquired | Accession No. | Full call number | Barcode. | Koha item type |
|---|---|---|---|---|---|---|---|---|
| Library of Congress Classification | Samuel Ogbemudia Main Library, University of Abuja | Samuel Ogbemudia Main Library, University of Abuja | 07/11/2025 | 93-013224 | HD58.7.G35 | 2025-3020 | Books |